ბათუმის შოთა რუსთაველის სახელმწიფო უნივერსიტეტის ბიბლიოთეკა

სინქრონული მანქანები / (ბიბ.ჩანაწერი № 40080)

000 -ლიდერი
ფიქსირებული სიგრძის საკონტროლო ველი 00788nam a2200205Ia 4500
001 - საკონტროლო ნომერი
საკონტროლო ველი 6686
003 - საკონტროლო ნომრის იდენტიფიკატორი
საკონტროლო ველი GE_BSU
005 - ბოლო ოპერაციის თარიღი და დრო
საკონტროლო ველი 20190624153841.0
008 - ფიქსირებული სიგრძის მონაცემთა ელემენტები - ზოგადი ინფორმაცია
ფიქსირებული სიგრძის საკონტროლო ველი 181216s1962||||ge |||||||||||||| ||geo||
041 ## - ენის კოდი
Language code of text/sound track or separate title geo
080 ## - უნივერსალური ათობითი კლასიფიკაციის ინდექსი
Universal Decimal Classification number 621.313.32 მ-44
100 ## - მთავარი ჩანაწერი - პიროვნების სახელი
Personal name მახარაძე, გ.
9 (RLIN) 2829
245 ## - ცნობა სათაურის შესახებ
Title სინქრონული მანქანები /
Statement of responsibility, etc გ. მახარაძე ; რედ : გ. სეხნიაშვილი.
264 ## - წარმოების, გამოცემის, დისტრიბუციის და სხვა ცნობები
გამოცემის, წარმოების, დისტრიბუციის... ადგილი თბილისი :
გამოცემის, წარმოების, დისტრიბუციის... სახელწოდება სპი,
გამოცემის, წარმოების, დისტრიბუციის... თარიღი 1962.
300 ## - ფიზიკური აღწერა
Extent 428 გვ .:
Other physical details ილ ;
Dimensions 22 სმ.
653 ## - INDEX TERM--UNCONTROLLED
Uncontrolled term სინქრონული მანქანები
653 ## - INDEX TERM--UNCONTROLLED
Uncontrolled term ტექნიკა
700 ## - ADDED ENTRY--PERSONAL NAME
Personal name სეხნიაშვილი, გ
Relator term რედაქტორი
9 (RLIN) 2830
942 ## - ADDED ENTRY ELEMENTS (KOHA)
Koha item type წიგნი
Source of classification or shelving scheme
ეგზემპლარები
ჩამოწერის სტატუსი დაკარგული ეგზემპლარის სტატუსი კლასიფიკაციის წყარო ან თაროზე გაწყობის სქემა დაზიანების სტატუსი არ გაიცემა მუდმივი მდებარეობა (დაცვის ადგილი) ამჟამინდელი ადგილსამყოფელი თაროზე განთავსების ადგილი შეძენის თარიღი ღირებულება, შესყიდვის ნორმალური ფასი სრული შენახვის შიფრი შტრიხკოდი ბოლო ოპერაციის თარიღი ეგზემპლარის მიმდევრობითი ნომერი (კეტერი?) ფასის ძალაში შესვლის თარიღი ეგზემპლარის სახეობა საჯარო შენიშვნა
          ტექნოლოგიური ფაკულტეტის ბიბლიოთეკა ტექნოლოგიური ფაკულტეტის ბიბლიოთეკა წიგნსაცავი 2018-12-17 2.00 621.313.32 მ-44 10836 2018-12-17 10836 2018-12-17 წიგნი 2 ლ. 46 თ.
          ტექნოლოგიური ფაკულტეტის ბიბლიოთეკა ტექნოლოგიური ფაკულტეტის ბიბლიოთეკა წიგნსაცავი 2018-12-17 2.00 621.313.32 მ-44 10837 2018-12-17 10837 2018-12-17 წიგნი 2 ლ. 46 თ.